Normal view
MARC view
Entry Personal Name
001 - CONTROL NUMBER
- control field: 306023
003 - CONTROL NUMBER IDENTIFIER
- control field: DLC
005 - DATE AND TIME OF LATEST TRANSACTION
- control field: 20230414154403.0
008 - FIXED-LENGTH DATA ELEMENTS
- fixed length control field: 120427n| azannabbn |n aaa
010 ## - LIBRARY OF CONGRESS CONTROL NUMBER
- LC control number: nb2012010876
035 ## - SYSTEM CONTROL NUMBER
- System control number: (Uk)008462544
040 ## - CATALOGING SOURCE
- Original cataloging agency: Uk
- Language of cataloging: eng
- Transcribing agency: Uk
- Modifying agency: MY-SjTCS
- Description conventions: rda
100 1# - HEADING--PERSONAL NAME
- Personal name: Inkson, Clare
374 ## - OCCUPATION
- Occupation: College teachers
- Source of term: lcsh
375 ## - GENDER
- Gender: female
377 ## - ASSOCIATED LANGUAGE
- Language code: eng
670 ## - SOURCE DATA FOUND
- Source citation: Tourism management, 2012:
- Information found: t.p. (Clare Inkson)